| 000 | 00725nam a22001457a 4500 | ||
|---|---|---|---|
| 040 | _cMCs (NUST) | ||
| 082 | _a005.8,AHM | ||
| 100 |
_aAhmad, Farhan _935104 |
||
| 245 |
_aElliptic Curve based Signcryption and its Multiple Recipient Scheme for Firewall Implementation / _cFarhan Ahmad |
||
| 260 |
_aRawalpindi _bMCS (NUST) _cDec 2011 |
||
| 300 | _aix,89 p. | ||
| 505 | _aIntroduction (Page-1), Analysis of Existing Signcryption Schemes Based on DLP (Page-12), Analysis of Signcryption Schemes Based on ECDLP (Page-42), Proposed Scheme (page-700, Analysis of Proposed Scheme (Page-74), Proposed Schemes for Multiple Recipients (Page-83), Conclusion (Page-86). | ||
| 650 |
_aPG Thesis _935000 |
||
| 942 |
_2ddc _cTHE _k005.8,AHM |
||
| 999 |
_c608023 _d608023 |
||